| 000 | 00963nam a2200289 a 4500 | ||
|---|---|---|---|
| 001 | 73708 | ||
| 003 | BD-RjUL | ||
| 005 | 20211209082433.0 | ||
| 008 | 170607s1977 ilu b 001 0 eng | ||
| 020 | _a0256018995 | ||
| 035 | _a(BD-RjUL)73926 | ||
| 040 |
_aDLC _cDLC _dDLC _dBD-RjUL _beng |
||
| 041 | _aeng | ||
| 082 | 0 | 0 |
_223 _a657 _bGRA 1977 |
| 100 | 1 |
_aGriffin, Charles H. _9218185 |
|
| 245 | 1 | 0 |
_aAdvanced accounting / _cCharles H. Griffin, Thomas H. Williams and Kermit D. Larson. |
| 250 | _a3d ed. | ||
| 260 |
_aHomewood, Ill. : _bR. D. Irwin, _c1977. |
||
| 300 |
_axviii, 793 p. ; _c24 cm. |
||
| 490 | 0 | _aThe Willard J. Graham series in accounting | |
| 504 | _aIncludes bibliographical references and index. | ||
| 650 | 0 |
_aAccounting. _9218186 |
|
| 700 | 1 |
_aWilliams, Thomas Howard, _ejoint author. _9218187 |
|
| 700 | 1 |
_aLarson, Kermit D., _ejoint author. _9218188 |
|
| 830 |
_aThe Willard J. Graham series in accounting _9218532 |
||
| 942 |
_2ddc _cBK |
||
| 999 |
_c73708 _d73708 |
||